00453 2200169 4500001002100000005001500021008004100036035002500077041000800102082001100110090001100121245006000132250001600192260003300208300002400241650001800265INLIS00000000000892720130515210402 ind  a0010-051300000008927 aind a351.18 a351.18 aPeraturan Baru Tentang PHK ( Pemutusan Hubungan Kerja ) aCetakan : 2 aJakartabSinar Grafikac1994 ax, 254 hlm. ;21 cm. aUndang Undang